00908nam a2200181 a 450000100100000000500170001000800410002704000250006824500730009326000420016630000420020804900090025095201170025995201170037695201110049395201050060499900170070900003178520200930063158.0110701s1977 ve 000 0 spa d aDO-SdBNPbspacBNPHU00aExposición de libros de escritores venezolanos y latinoamericanos. aVenezuela :bBanco del Caribe,c1977. a1v. con varias paginaciones ;c20 cm. aBNPD 001054708MOaGRbGRcCTd2011-07-07iLF1l0o p31785-30r2020-06-25te. 3w2020-06-25y4ZPréstamo en sala 001054708MOaGRbGRcCTd2011-07-07iLF1l0o p31785-40r2020-06-25te. 4w2020-06-25y4ZPréstamo en sala 001050718MOaPDbPDcCTd2011-07-07iLF1l0o p31785-20r2020-06-25te. 2w2020-06-25y1ZNo se presta 001050718RVaPDbPDcHDd2011-07-01iLF1l0o p31785-10r2020-06-25w2020-06-25y1ZNo se presta c31277d31277